Kuantum dönemi : (Record no. 13234)

MARC details
000 -BAŞLIK
Sabit Uzunlukta Kontrol Alanı 01200nam a22002897a 4500
999 ## - SİSTEM KONTROL NUMARALARI (KOHA)
Koha Biblionumber 13234
Koha Biblioitemnumber 13234
003 - KONTROL NUMARASI IDENTIFIER
Denetim Alanı MIRAKIL
005 - SON İŞLEM TARİHİ VE ZAMANI
Denetim Alanı 20190510135101.0
008 - SABİT-BOY VERİ ELEMANLARI - GENEL BİLGİLER
Sabit Uzunlukta Kontrol Alanı 190510b tu ||||| |||| 00| 0 tur d
020 ## - ULUSLARARASI STANDART KİTAP NUMARASI
Uluslararası Standart Kitap Numarası 9786053994589
040 ## - KATALOGLAMA KAYNAK
Orijinal Kataloglama Ajansı TR-AnCHP
Metne Dönüştürmek Ajansı TR-AnCHP
041 1# - DİL KODU
Metin / Ses Parça Veya Ayrı Başlığın Dil Kodu tur
082 04 - DEWEY ONLU SINIFLANDIRMA NUMARASI
Sınıflandırma Numarası 530.1
Ürün Numarası C63k 2016
100 1# - ANA GİRİŞ - KİŞİSEL İSİM
Kişisel Ad Crease, Robert P.
245 10 - BAŞLIK TABLOSU
Başlık Kuantum dönemi :
Başlığın Kalan Planck, Bohr, Einsten ve Heisenberg belirsizliği sevmeyi bize nasıl öğretti /
Sorumluluk Tablosu, Vb Robert P. Crease, Alfred Scharff Goldhaber ; çeviren: Vural Arı.
260 ## - YAYIN, DAĞITIM, VB
Yayın, Dağıtım, Vb Yeri İstanbul :
Yayıncı, Dağıtıcı, Vs Adı İstanbul Bilgi Üniversitesi yayınları,
Yayın, Dağıtım, Vb Tarihi 2016.
300 ## - FİZİKSEL TANIM
Kapsam ix, 258 s. :
Diğer Fiziksel Ayrıntıları res., şkl. ;
Boyutlar 23 sm.
490 1# - SERİSİ TABLOSU
Seri Beyanı İstanbul Bilgi Üniversitesi yayınları ;
-- Bilim ve teknoloji ;
Hacim / Ardışık Tanımı 566.
-- 3.
500 ## - GENEL NOT
Genel Not Yapıtın özgün adı: The quantum moment : how Planck, Bohr, Einstein, and Heisenberg taught us to love uncertainty.
504 ## - KAYNAKÇA VB NOT
Kaynakça Vb Notu Dizin vardır.
504 ## - KAYNAKÇA VB NOT
Kaynakça Vb Notu Bibliyografik bilgi içerir.
600 14 - KONU KATMA GİRİŞ - KURUMSAL ADI
Kişisel Ad Planck, Max, 1858-1947
650 #0 - KONU KATMA GİRİŞ - TOPİKAL DÖNEM
Topikal Süreli Veya Coğrafi Ad Giriş Elemanı Kuantum teorisi
9 (RLIN) 5734
Genel Alt Bölümü Popüler çalışmalar
650 #0 - KONU KATMA GİRİŞ - TOPİKAL DÖNEM
Topikal Süreli Veya Coğrafi Ad Giriş Elemanı Fizik
9 (RLIN) 5735
Genel Alt Bölümü Popüler çalışmalar
700 1# - KATMA GİRİŞ - KİŞİSEL İSİM
Kişisel Ad Goldhaber, Alfred Scharff
700 1# - KATMA GİRİŞ - KİŞİSEL İSİM
Kişisel Ad Arı, Vural
Relator Terim çev.
942 ## - EKLENDİ GİRİŞ ELEMANLARI (KOHA)
Sınıflandırma Veya Raf Düzeni Kaynak Dewey Decimal Classification
Koha Öğesi Türü Books
Holdings
Kalıcı Konum Mevcut Konum Edinme Tarihi Toplam Check-Out'Lar Tam Çağrı Numarası Barkod Tarih Son Görülme İtibaren Geçerli Fiyatlar Koha Öğesi Türü
CHP Kütüphanesi CHP Kütüphanesi 05/10/2019   530.1 C63k 2016 000107 05/10/2019 05/10/2019 Books